000 01679cam a22003734a 4500
999 _c7463
_d7463
001 14645042
003 GBCCL
005 20241126110629.0
008 060822s2006 ii b 101 0 eng
010 _a 2006453972
020 _a8180691349
025 _aI-E-2006-453972; 68-15; 63-16
037 _bLibrary of Congress -- New Delhi Overseas Office
_cRs500.00
040 _aDLC
_cDLC
_dDLC
042 _alcode
043 _aa-ii---
050 0 0 _aDS483.42
_b.S46 2001
082 _a305.8009541
_bETH
111 2 _aSeminar on Ethnic Issues, Secularism, and Conflict Resolution in North-East India
_d(2001 :
_cShillong, India)
_913170
245 1 0 _aEthnic issues, secularism, and conflict resolution in North East Asia /
_cedited by Bimal J. Deb.
260 _aShillong :
_bPublished for North-East India Council for Social Science Research by Concept Pub. Co., New Delhi,
_c2006.
300 _axi, 247 p. ;
_c22 cm.
504 _aIncludes bibliographical references and index.
520 _aContributed articles presented at the Seminar on Ethnic Issues, Secularism, and Conflict Resolution in North-East India held at Shillong during 25-26 April, 2001.
650 0 _aEthnicity
_zIndia, Northeastern
_vCongresses.
_913171
650 0 _aSecularism
_zIndia, Northeastern
_vCongresses.
_913172
650 0 _aConflict management
_zIndia, Northeastern
_vCongresses.
_913173
651 0 _aIndia, Northeastern
_xEthnic relations
_vCongresses.
_913174
700 1 _aDeb, Bimal J.
_913175
710 2 _aNorth-East India Council for Social Science Research.
_913176
906 _a7
_bcbc
_corigode
_d3
_encip
_f20
_gy-gencatlg
942 _2ddc
_cBK
_014